[Event "Oberliga Nord W 9596"]
[Site "GER"]
[Date "1996.03.24"]
[Round "7.2"]
[White "Wenzel, Reinhard"]
[Black "Boehnisch, Manfred"]
[Result "1/2-1/2"]
[WhiteElo "2270"]
[BlackElo "2310"]
[PlyCount "85"]
[EventDate "1995.10.??"]
[Source "www.chesslib.no"]
[SourceDate "2004.05.04"]

1. c4 c6 2. Nf3 d5 3. b3 Bg4 4. Bb2 Nd7 5. d3 Bxf3 6. gxf3 Ngf6 7. Bh3 g6 8. f4 e6 9. O-O Bg7 10. e3 O-O 11. Nd2 Qb6 12. Qc2 Rfd8 13. cxd5 cxd5 14. Rfc1 Ne8 15. Bxg7 Kxg7 16. Nf3 Nd6 17. Qb2+ Kg8 18. Ne5 d4 19. Qxd4 Qxd4 20. exd4 Nb5 21. Bg2 Nxd4 22. Rc7 Nxe5 23. fxe5 Rab8 24. Kf1 b6 25. Rxa7 Nb5 26. Ra4 Rxd3 27. Rb4 Nc3 28. a4 g5 29. Bc6 Nd5 30. Bxd5 Rxd5 31. a5 b5 32. Re4 b4 33. Ra4 Rdb5 34. a6 Ra8 35. Rg4 h6 36. h4 f5 37. exf6 Kf7 38. hxg5 hxg5 39. f4 Rf5 40. Ke2 gxf4 41. Kf3 e5 42. a7 Rxf6 43. Rg5 1/2-1/2

[Event "Belgrade Premier League"]
[Site "?"]
[Date "2005.10.02"]
[Round "2"]
[White "Jelic Goran"]
[Black "Karaklajic Nikola"]
[Result "1/2-1/2"]
[WhiteElo "2223"]
[BlackElo "2353"]
[PlyCount "60"]
[EventDate "2005.??.??"]
[Source "www.chesslib.no"]
[SourceDate "2004.05.04"]

1. c4 c6 2. Nf3 d5 3. b3 Bg4 4. Ne5 Bf5 5. Bb2 Nd7 6. Nxd7 Qxd7 7. e3 e6 8. Be2 Nf6 9. g4 Be4 10. f3 Bxb1 11. Rxb1 h6 12. O-O O-O-O 13. Bc3 Bd6 14. b4 e5 15. d4 Rhe8 16. c5 exd4 17. Bxd4 Be5 18. b5 Bxd4 19. Qxd4 Qe6 20. Rb3 Re7 21. Bd3 g6 22. bxc6 bxc6 23. Qf4 Kd7 24. Qxh6 Ne8 25. e4 Nc7 26. Qf4 Qe5 27. Qxe5 Rxe5 28. Rb7 g5 29. Rxa7 Ra8 30. Rxa8 Nxa8 1/2-1/2

[Event "Budapest HUN"]
[Site "?"]
[Date "1998.07.12"]
[Round "9"]
[White "Bors Tamas"]
[Black "Barvin Konstanten"]
[Result "0-1"]
[WhiteElo "2260"]
[BlackElo "2315"]
[PlyCount "104"]
[EventDate "1998.??.??"]
[Source "www.chesslib.no"]
[SourceDate "2004.05.04"]

1. c4 c6 2. Nf3 d5 3. b3 Bg4 4. Ne5 Bh5 5. cxd5 cxd5 6. d4 e6 7. Bb2 Nf6 8. Nd2 Be7 9. g3 Nbd7 10. Nd3 Rc8 11. Nf4 Bg6 12. Nxg6 hxg6 13. Bg2 O-O 14. O-O Qb6 15. a3 Rc7 16. Rb1 a5 17. h3 Rfc8 18. e3 Ne8 19. Kh2 Nd6 20. a4 Ne8 21. f3 Bb4 22. Rf2 Nd6 23. Nf1 Bc3 24. Ba3 Nf5 25. Re2 Rc6 26. Qd3 Qc7 27. f4 Bb4 28. Bb2 Nf6 29. g4 Nd6 30. Ng3 g5 31. Rf1 gxf4 32. exf4 Rc2 33. g5 Rxe2 34. Qxe2 Nfe4 35. Rc1 Nxg3 36. Kxg3 Nf5+ 37. Kg4 Qd8 38. Rxc8 Qxc8 39. Kf3 Bc3 40. Qf2 Nxd4+ 41. Ke3 Qc5 42. Kd3 Bxb2 43. Qxb2 Nc6 44. Ke2 Qd4 45. Qc1 g6 46. Bf1 Kg7 47. Kf3 Ne7 48. Qc7 Nf5 49. Bb5 Qe4+ 50. Kf2 Qe3+ 51. Kf1 Ng3+ 52. Kg2 Ne4 0-1

[Event "JUG-chT2"]
[Site "Tivat"]
[Date "1995.??.??"]
[Round "7"]
[White "Semenov, Aleksandar"]
[Black "Mihalj, M. Miroslav"]
[Result "1/2-1/2"]
[WhiteElo "2325"]
[BlackElo "2250"]
[PlyCount "94"]
[EventDate "1995.??.??"]
[Source "www.chesslib.no"]
[SourceDate "2004.05.04"]

1. c4 c6 2. Nf3 d5 3. b3 Bg4 4. Bb2 Nd7 5. d4 e6 6. Nc3 Ngf6 7. h3 Bxf3 8. gxf3 Be7 9. f4 b5 10. c5 b4 11. Nb1 Ne4 12. Nd2 f5 13. Nxe4 fxe4 14. e3 Bh4 15. Rg1 O-O 16. Qg4 Qf6 17. Rc1 a5 18. Rc2 a4 19. Kd1 axb3 20. axb3 Rf7 21. Bg2 Nf8 22. f3 exf3 23. Bxf3 Qf5 24. Kd2 Bd8 25. Be2 Qxg4 26. Rxg4 Nd7 27. Bd3 Nf6 28. Rg1 g6 29. Ke2 Kf8 30. Bc1 Ra1 31. Rd1 Rfa7 32. Bb2 R1a2 33. Kf3 Bc7 34. Rb1 Ke7 35. Rcc1 Bb8 36. Rg1 Kd7 37. Rg2 Ke7 38. Rbg1 Kf7 39. Bc1 Rxg2 40. Rxg2 Bc7 41. Rb2 Ra1 42. Bd2 Ba5 43. Bb1 Ke7 44. Be1 Kf7 45. Bh4 Bd8 46. Be1 Ba5 47. Bd2 Ke7 1/2-1/2

[Event "Paris FRA"]
[Site "?"]
[Date "1998.??.??"]
[Round "?"]
[White "Spiridonov Nikola"]
[Black "Bonnaud Remy"]
[Result "1-0"]
[WhiteElo "2395"]
[BlackElo "2170"]
[PlyCount "53"]
[EventDate "1998.??.??"]
[Source "www.chesslib.no"]
[SourceDate "2004.05.04"]

1. c4 c6 2. Nf3 d5 3. b3 Bg4 4. e3 e5 5. h3 Bxf3 6. Qxf3 Nf6 7. cxd5 cxd5 8. Bb5+ Nbd7 9. Bb2 Bd6 10. Nc3 e4 11. Qe2 O-O 12. Bxd7 Qxd7 13. Nb5 Be7 14. O-O a6 15. Nd4 Rac8 16. d3 Bd6 17. Rfd1 Bb8 18. Rd2 Qc7 19. g3 Nd7 20. dxe4 dxe4 21. Rc1 Qa5 22. Rxc8 Rxc8 23. Nc6 Rxc6 24. Rxd7 h5 25. b4 Qb6 26. Bd4 Rc1+ 27. Kg2 1-0

[Event "BCF Ch"]
[Site "Eastbourne"]
[Date "1990.??.??"]
[Round "?"]
[White "Webster, Andrew"]
[Black "Wall, Tim"]
[Result "0-1"]
[WhiteElo "2275"]
[BlackElo "2280"]
[PlyCount "66"]
[EventDate "1990.07.??"]
[Source "www.chesslib.no"]
[SourceDate "2004.05.04"]

1. c4 c6 2. Nf3 d5 3. b3 Bg4 4. Bb2 Nd7 5. e3 e6 6. h3 Bh5 7. d3 Ngf6 8. Nbd2 h6 9. a3 a5 10. Be2 Be7 11. O-O O-O 12. Ne5 Nxe5 13. Bxe5 Bg6 14. Qc2 Nd7 15. Bc3 Bf6 16. b4 Ne5 17. c5 Qe7 18. Nb3 axb4 19. axb4 Rfd8 20. Qd2 h5 21. Rxa8 Rxa8 22. Ra1 Qd8 23. Ra5 h4 24. f4 Nd7 25. Bxf6 Nxf6 26. Qa2 Rb8 27. Ra7 d4 28. Qa5 dxe3 29. Rxb7 Nd5 30. Kf1 Nxf4 31. b5 Bxd3 32. bxc6 Bxe2+ 33. Kg1 Qd5 0-1

[Event "Moscow ol (Women)"]
[Site "Moscow"]
[Date "1994.??.??"]
[Round "5"]
[White "Chilingirova, Pavlina"]
[Black "Olbrich, Marina"]
[Result "1/2-1/2"]
[WhiteElo "2270"]
[BlackElo "2280"]
[PlyCount "101"]
[EventDate "1994.11.??"]
[Source "www.chesslib.no"]
[SourceDate "2004.05.04"]

1. c4 c6 2. Nf3 d5 3. b3 Bg4 4. e3 Nd7 5. Be2 e6 6. Bb2 Ngf6 7. O-O Bd6 8. cxd5 cxd5 9. d3 O-O 10. Nbd2 Qb8 11. h3 Bh5 12. Nd4 Bg6 13. f4 e5 14. f5 exd4 15. Bxd4 Be5 16. fxg6 fxg6 17. Nf3 Bxd4 18. Nxd4 Qe5 19. Qd2 Rae8 20. Nc2 Rf7 21. Bf3 Nf8 22. d4 Qg5 23. Rae1 Rfe7 24. Qf2 h6 25. g4 Ne4 26. Qh2 Re6 27. Nb4 Nc3 28. Qf2 Qd8 29. Nd3 g5 30. Ne5 Nd7 31. Bxd5 Nxd5 32. Qf7+ Kh7 33. Nxd7 Nxe3 34. Nf8+ Rxf8 35. Qxf8 Qxd4 36. Qf2 Qb6 37. Kh1 Qc6+ 38. Qf3 Nxf1 39. Qxc6 Rxc6 40. Rxf1 Rc2 41. Rf7 Rxa2 42. Rxb7 Kg6 43. b4 Kf6 44. b5 Ke5 45. Rxg7 Kf4 46. Rc7 Kg3 47. Rc3+ Kf2 48. Rb3 Re2 49. Kh2 Re3 50. Rb1 Re1 51. Rb3 1/2-1/2

[Event "Baden-NRW"]
[Site "GER"]
[Date "1994.??.??"]
[Round "?"]
[White "Balster, Stefan"]
[Black "Stromer, Alexander"]
[Result "1/2-1/2"]
[WhiteElo "2305"]
[BlackElo "2245"]
[PlyCount "69"]
[EventDate "1994.??.??"]
[Source "www.chesslib.no"]
[SourceDate "2004.05.04"]

1. c4 c6 2. Nf3 d5 3. b3 Bg4 4. Bb2 Nd7 5. d3 Bxf3 6. gxf3 e5 7. Nd2 Bd6 8. e3 Qe7 9. cxd5 cxd5 10. d4 Ngf6 11. dxe5 Bxe5 12. Bxe5 Nxe5 13. f4 Nc6 14. Nf3 Rd8 15. Bd3 d4 16. O-O dxe3 17. Re1 O-O 18. Rxe3 Qb4 19. Ne5 Qxf4 20. Nxc6 bxc6 21. Qf3 Qg4+ 22. Qxg4 Nxg4 23. Rg3 Ne5 24. Bf5 Rfe8 25. Rc1 Rd6 26. Re3 g6 27. f4 Nf3+ 28. Rxf3 gxf5 29. Rf2 Re4 30. Rc5 Rf6 31. Ra5 Re7 32. Rc2 Kg7 33. Rac5 Ree6 34. Ra5 Re7 35. Rac5 1/2-1/2

[Event "IHEM 2003"]
[Site "?"]
[Date "2003.06.11"]
[Round "5.9"]
[White "Laqua Christian"]
[Black "Hochgraefe Markus"]
[Result "1/2-1/2"]
[WhiteElo "2206"]
[BlackElo "2331"]
[PlyCount "183"]
[EventDate "2003.??.??"]
[Source "www.chesslib.no"]
[SourceDate "2004.05.04"]

1. c4 c6 2. Nf3 d5 3. b3 Bg4 4. Bb2 Nf6 5. g3 Bxf3 6. exf3 g6 7. d3 Bg7 8. Be2 O-O 9. O-O Nbd7 10. f4 Re8 11. Nd2 e5 12. fxe5 Nxe5 13. Nf3 Nfd7 14. Qc2 Nxf3+ 15. Bxf3 Bxb2 16. Qxb2 Ne5 17. Be2 Qf6 18. Kg2 Nd7 19. Qxf6 Nxf6 20. Bf3 Rad8 21. Rfd1 g5 22. h3 Kf8 23. Kf1 Ke7 24. Rac1 Kd6 25. b4 h6 26. cxd5 Nxd5 27. Bxd5 Kxd5 28. Rc5+ Kd6 29. Re1 Rxe1+ 30. Kxe1 b6 31. Rc4 Re8+ 32. Kd2 Kd5 33. h4 f5 34. hxg5 hxg5 35. Rc1 f4 36. gxf4 gxf4 37. Rc4 f3 38. Rf4 Re2+ 39. Kc3 Rxf2 40. Rf7 Rf1 41. Kd2 f2 42. Ke2 Ra1 43. Kxf2 Rxa2+ 44. Ke3 c5 45. b5 Ra3 46. Rc7 Kd6 47. Rc6+ Kd5 48. Rc7 Ra5 49. Kd2 Rxb5 50. Rxa7 Rb4 51. Rc7 Rh4 52. Kc3 Kd6 53. Rc8 Kd7 54. Rg8 Kc6 55. Rg6+ Kb5 56. Rg8 Ra4 57. Kb3 Rh4 58. Kc3 Rh6 59. Rf8 Rd6 60. Rc8 Rd7 61. Rh8 Kc6 62. Rh6+ Kb7 63. Rh8 b5 64. Rh6 Kc7 65. Rg6 Rd6 66. Rg8 Kc6 67. Kc2 b4 68. Rb8 Kd5 69. Rh8 Re6 70. Rd8+ Kc6 71. Rc8+ Kd6 72. d4 cxd4 73. Rc4 b3+ 74. Kxb3 Kd5 75. Rc8 Re2 76. Rh8 Ke4 77. Kc4 Rc2+ 78. Kb3 Rc3+ 79. Kb2 Rg3 80. Kc2 Rg2+ 81. Kd1 Kd3 82. Rh3+ Kc4 83. Rf3 Rg8 84. Rh3 Ra8 85. Kc2 Ra2+ 86. Kd1 Rg2 87. Rf3 Kd5 88. Rh3 Rg4 89. Kd2 Ke4 90. Ra3 Rg2+ 91. Kd1 d3 92. Ra8 1/2-1/2

[Event "ESP Ch U18"]
[Site "Los Barrios"]
[Date "1995.??.??"]
[Round "5"]
[White "Zabala Ordonez, Alvaro"]
[Black "Garcia, Pio Jesus"]
[Result "1/2-1/2"]
[WhiteElo "2235"]
[BlackElo "2280"]
[PlyCount "121"]
[EventDate "1995.??.??"]
[Source "www.chesslib.no"]
[SourceDate "2004.05.04"]

1. c4 c6 2. Nf3 d5 3. b3 Bg4 4. Bb2 Nd7 5. d4 e6 6. Nbd2 Ngf6 7. e3 Bd6 8. Qc2 Bf5 9. Bd3 Bxd3 10. Qxd3 Qe7 11. O-O O-O 12. e4 e5 13. Rfe1 dxe4 14. Nxe4 Nxe4 15. Qxe4 f5 16. Qh4 e4 17. Qxe7 Bxe7 18. Rad1 Bb4 19. Nd2 Rfe8 20. a3 Bd6 21. g3 Nf6 22. Nf1 Kf7 23. Ne3 g6 24. d5 c5 25. Bc3 Nd7 26. Ng2 Be5 27. Bd2 Bb2 28. Re2 Ne5 29. Ne1 Bd4 30. Be3 Bxe3 31. Rxe3 a5 32. Rc3 Ke7 33. Kg2 Kd6 34. Rb1 b6 35. h3 Reb8 36. a4 h5 37. f3 exf3+ 38. Nxf3 Nxf3 39. Kxf3 Re8 40. Rc2 Re4 41. Re2 Rxe2 42. Kxe2 g5 43. Kf2 Rf8 44. Re1 Rf6 45. Re8 g4 46. Rh8 f4 47. Rxh5 fxg3+ 48. Kxg3 Rf3+ 49. Kxg4 Rxb3 50. Kf5 Rf3+ 51. Ke4 Rc3 52. Rh6+ Kc7 53. Ke5 Re3+ 54. Kf5 Rf3+ 55. Ke6 Re3+ 56. Kf7 Re4 57. Re6 Rh4 58. Re7+ Kd6 59. Re6+ Kd7 60. Re7+ Kd6 61. Re6+ 1/2-1/2

[Event "FRA-chT2 0203"]
[Site "?"]
[Date "2002.11.17"]
[Round "3"]
[White "Heurtebize Christophe"]
[Black "Bergez Luc"]
[Result "0-1"]
[WhiteElo "2153"]
[BlackElo "2361"]
[PlyCount "48"]
[EventDate "2002.??.??"]
[Source "www.chesslib.no"]
[SourceDate "2004.05.04"]

1. c4 c6 2. Nf3 d5 3. b3 Bg4 4. Bb2 Bxf3 5. exf3 e6 6. g3 Nf6 7. Bg2 Be7 8. O-O O-O 9. f4 a5 10. Nc3 Na6 11. d4 Ne8 12. f5 dxc4 13. fxe6 Nd6 14. exf7+ Rxf7 15. d5 c5 16. Ne4 cxb3 17. Qxb3 c4 18. Qe3 b5 19. Rac1 Nb4 20. Nc3 Nd3 21. Rc2 Nf5 22. Qe4 Rb8 23. Ba1 Bc5 24. Qe6 Nd4 0-1

[Event "ESP Ch U18"]
[Site "Los Barrios"]
[Date "1995.??.??"]
[Round "6"]
[White "Timon Piote, Vicente"]
[Black "Acosta, A."]
[Result "0-1"]
[WhiteElo "2235"]
[BlackElo "2270"]
[PlyCount "74"]
[EventDate "1995.??.??"]
[Source "www.chesslib.no"]
[SourceDate "2004.05.04"]

1. c4 c6 2. Nf3 d5 3. b3 Bg4 4. Bb2 Nd7 5. d4 e6 6. Nbd2 Ngf6 7. g3 Be7 8. Bg2 O-O 9. O-O b5 10. Ne5 Nxe5 11. dxe5 Nd7 12. h3 Bh5 13. cxb5 cxb5 14. g4 Bg6 15. f4 Qb6+ 16. Kh1 f5 17. Rc1 Rac8 18. Rf3 Qb7 19. Bd4 Ba3 20. Rcc3 Bb4 21. Rxc8 Rxc8 22. Nf1 Nc5 23. Bxc5 Rxc5 24. Rg3 Qc7 25. Kh2 Rc1 26. Qd4 Qc5 27. Qxc5 Bxc5 28. b4 Bxb4 29. Rb3 a5 30. a3 Rc3 31. Rb2 Rxa3 32. gxf5 Bxf5 33. Ng3 g6 34. e4 dxe4 35. Bxe4 Be1 36. Nxf5 gxf5 37. Rg2+ Bg3+ 0-1

[Event "115th ch-NZL"]
[Site "Auckland NZL"]
[Date "2008.01.22"]
[Round "10"]
[White "Watson, B."]
[Black "Spain, G."]
[Result "0-1"]
[WhiteElo "2293"]
[BlackElo "2191"]
[PlyCount "42"]
[EventDate "2008.01.15"]
[Source "www.chesslib.no"]
[SourceDate "2004.05.04"]

1. c4 c6 2. Nf3 d5 3. b3 Bg4 4. Ne5 Bh5 5. g4 f6 6. Nxc6 Nxc6 7. gxh5 d4 8. b4 Nxb4 9. Qa4+ Nc6 10. Bg2 Qd7 11. Ba3 e6 12. d3 Bxa3 13. Nxa3 Nge7 14. Rb1 O-O 15. Nc2 Rab8 16. Nb4 Qe8 17. Nxc6 Nxc6 18. Rxb7 Rxb7 19. Qxc6 Rb1+ 20. Kd2 Rb2+ 21. Kc1 Qb8 0-1

[Event "Isle of Man Open"]
[Site "Isle of Man IOM"]
[Date "1994.??.??"]
[Round "9"]
[White "Ludgate, Alan T"]
[Black "Ballon, Guenther Jan"]
[Result "1-0"]
[WhiteElo "2275"]
[BlackElo "2200"]
[PlyCount "83"]
[EventDate "1994.09.??"]
[Source "www.chesslib.no"]
[SourceDate "2004.05.04"]

1. c4 c6 2. Nf3 d5 3. b3 Bg4 4. g3 e6 5. Bb2 Nd7 6. Bg2 a5 7. O-O a4 8. d3 Ngf6 9. Nbd2 Be7 10. Qc2 O-O 11. e4 dxe4 12. Nxe4 Nc5 13. Nxc5 Bxc5 14. d4 Bxf3 15. dxc5 Bxg2 16. Kxg2 Qa5 17. Bxf6 gxf6 18. Qb2 Qxc5 19. Qxf6 axb3 20. axb3 Qf5 21. Qxf5 exf5 22. Rxa8 Rxa8 23. Rd1 Ra3 24. Rd3 Kg7 25. Kf3 Kf6 26. h4 h5 27. Ke3 Ke5 28. f4+ Ke6 29. Kd4 b6 30. c5 b5 31. Kc3 Ra1 32. Rd6+ Ke7 33. Rxc6 Rg1 34. Rh6 Rxg3+ 35. Kb4 Rf3 36. Rxh5 Ke6 37. Rh8 Rxf4+ 38. Kxb5 Rf1 39. c6 Rc1 40. Kb6 Rb1 41. c7 Rxb3+ 42. Ka5 1-0

[Event "Ljubljana op"]
[Site "Ljubljana"]
[Date "1996.??.??"]
[Round "4"]
[White "Jeric, Simon"]
[Black "Stojnic, Miodrag"]
[Result "1-0"]
[WhiteElo "2385"]
[BlackElo "2090"]
[PlyCount "85"]
[EventDate "1996.??.??"]
[Source "ChessBase"]

1. c4 c6 2. Nf3 d5 3. b3 Bg4 4. Bb2 e6 5. d3 Nf6 6. Nbd2 Nbd7 7. e4 dxe4 8. dxe4 Qa5 9. Qc2 Bxf3 10. gxf3 Ne5 11. Be2 Rd8 12. a3 Nh5 13. b4 Qc7 14. O-O-O Nf4 15. Nb3 Rxd1+ 16. Rxd1 Be7 17. Kb1 O-O 18. Bf1 b6 19. Kc1 Bg5 20. Qc3 Bf6 21. Qe3 g5 22. c5 Rd8 23. Rxd8+ Qxd8 24. Kc2 Kg7 25. cxb6 axb6 26. a4 Qd6 27. Qxb6 Nxf3 28. Bxf6+ Kxf6 29. a5 Ne1+ 30. Kc3 e5 31. a6 Qd1 32. Qxc6+ Kg7 33. Kb2 Nfd3+ 34. Bxd3 Nxd3+ 35. Ka3 Qe1 36. Qc4 Qe2 37. Nc5 Qb2+ 38. Ka4 Qa1+ 39. Kb5 Nb2 40. Qc2 Qf1+ 41. Kc6 Qa1 42. Qc3 f6 43. Kb7 1-0